| 000 | 00920nam a22002297a 4500 | ||
|---|---|---|---|
| 999 |
_c17977 _d17977 |
||
| 003 | AR-CdUCM | ||
| 008 | 190510b ||||| |||| 00| 0 spa d | ||
| 040 |
_aMUNICIPALIDAD PROVINCIAL DEL CUSCO _cBIBLIOTECA MUNICIPAL DEL CUSCO |
||
| 041 | _hfre | ||
| 082 |
_25ed. _a709 / _bR36 |
||
| 100 |
_aReinach, Salomón _938275 |
||
| 245 |
_aApolo : _bhistoria general de las artes plásticas / |
||
| 260 |
_aMéxico D. F. : _bNacional, _c1958. |
||
| 300 |
_aVIII, 488 páginas ; _bilustraciones, figuras, _c17 cm. |
||
| 505 | _aContenido: Orígenes del arte -- El arte en los periodos de la piedra pulimentada -- Egipto, Caldea y Persia -- Arte egeo, minoano -- El arte griego antes de Fidias -- Fidias y el Partenón ... | ||
| 650 |
_aArte _9561 |
||
| 650 |
_aHistoria y crítica _95993 |
||
| 650 |
_aOrígenes _923017 |
||
| 700 |
_aDomenech, Rafael (traducción) _938276 |
||
| 942 |
_2ddc _cLIBROS |
||
| 945 |
_aachl _d2019-05-10 |
||